<?xml version="1.0" encoding="UTF-8"?>
<record
    xmlns:xsi="http://www.w3.org/2001/XMLSchema-instance"
    xsi:schemaLocation="http://www.loc.gov/MARC21/slim http://www.loc.gov/standards/marcxml/schema/MARC21slim.xsd"
    xmlns="http://www.loc.gov/MARC21/slim">

  <leader>01002nam a22002657a 4500</leader>
  <controlfield tag="005">20170123162313.0</controlfield>
  <datafield tag="010" ind1=" " ind2=" ">
    <subfield code="a">B-123675</subfield>
  </datafield>
  <datafield tag="020" ind1=" " ind2=" ">
    <subfield code="c">150.00</subfield>
    <subfield code="a">8126020660</subfield>
  </datafield>
  <datafield tag="035" ind1=" " ind2=" ">
    <subfield code="a">B-123675</subfield>
  </datafield>
  <datafield tag="037" ind1=" " ind2=" ">
    <subfield code="b">Cen Lib/Ret</subfield>
  </datafield>
  <datafield tag="040" ind1=" " ind2=" ">
    <subfield code="a">DPL</subfield>
    <subfield code="b">UR</subfield>
  </datafield>
  <datafield tag="082" ind1=" " ind2=" ">
    <subfield code="a">&#x646;</subfield>
    <subfield code="b">&#x634; &#x6A9; &#x644;</subfield>
  </datafield>
  <datafield tag="100" ind1=" " ind2=" ">
    <subfield code="a">&#x634;&#x6A9;&#x644;&#x60C; &#x648;&#x646;&#x648;&#x62F; &#x6A9;&#x645;&#x631; </subfield>
    <subfield code="9">112695</subfield>
  </datafield>
  <datafield tag="245" ind1=" " ind2=" ">
    <subfield code="a">&#x62F;&#x6CC;&#x648;&#x627;&#x631; &#x645;&#x6CC;&#x6BA; &#x627;&#x6CC;&#x6A9; &#x6A9;&#x6BE;&#x691;&#x6A9;&#x6CC; &#x631;&#x6C1;&#x62A;&#x6CC; &#x62A;&#x6BE;&#x6CC; /</subfield>
    <subfield code="c">&#x648;&#x646;&#x648;&#x62F; &#x6A9;&#x645;&#x631; &#x634;&#x6A9;&#x644; &#x61B;&#x627;&#x631;&#x62F;&#x648; &#x62A;&#x631;&#x62C;&#x645;&#x6C1; &#x639;&#x628;&#x62F;&#x644; &#x645;&#x646;&#x646;&#x627;&#x646; &#x62A;&#x631;&#x631;&#x636;&#x6CC; </subfield>
  </datafield>
  <datafield tag="246" ind1=" " ind2=" ">
    <subfield code="a">Deewar men ek khidki rehti thi /</subfield>
    <subfield code="b">by Vinod Kumar Shukla ; traslated by Abdul Mannan Tarzi </subfield>
  </datafield>
  <datafield tag="260" ind1=" " ind2=" ">
    <subfield code="a">&#x646;&#x6CC;&#x6CC; &#x62F;&#x6C1;&#x644;&#x6CC; </subfield>
    <subfield code="b">&#x633;&#x627;&#x6C1;&#x62A;&#x6CC;&#x6C1; &#x627;&#x6A9;&#x627;&#x62F;&#x645;&#x6CC; </subfield>
    <subfield code="c">2005</subfield>
  </datafield>
  <datafield tag="270" ind1=" " ind2=" ">
    <subfield code="b">&#x646;&#x6CC;&#x6CC; &#x62F;&#x6C1;&#x644;&#x6CC; </subfield>
    <subfield code="a">&#x631;&#x648;&#x6CC;&#x646;&#x62F;&#x631;&#x627; &#x628;&#x6BE;&#x648;&#x6BA; &#x663;&#x665;&#x60C; &#x641;&#x6CC;&#x631;&#x648;&#x632; &#x634;&#x627;&#x6C1; &#x631;&#x648;&#x688; </subfield>
  </datafield>
  <datafield tag="300" ind1=" " ind2=" ">
    <subfield code="a">224p.</subfield>
    <subfield code="c">21cm(Hb)</subfield>
  </datafield>
  <datafield tag="650" ind1=" " ind2=" ">
    <subfield code="a">&#x627;&#x631;&#x62F;&#x648; &#x627;&#x62F;&#x628; </subfield>
    <subfield code="9">112696</subfield>
  </datafield>
  <datafield tag="650" ind1=" " ind2=" ">
    <subfield code="a">&#x627;&#x631;&#x62F;&#x648; &#x646;&#x627;&#x648;&#x644;    </subfield>
    <subfield code="9">547</subfield>
  </datafield>
  <datafield tag="650" ind1=" " ind2=" ">
    <subfield code="a">Urdu literature </subfield>
    <subfield code="9">112697</subfield>
  </datafield>
  <datafield tag="650" ind1=" " ind2=" ">
    <subfield code="a">Urdu novel</subfield>
    <subfield code="9">112698</subfield>
  </datafield>
  <datafield tag="700" ind1=" " ind2=" ">
    <subfield code="a">&#x639;&#x628;&#x62F;&#x644; &#x645;&#x646;&#x646;&#x627;&#x646; &#x62A;&#x631;&#x631;&#x636;&#x6CC; </subfield>
    <subfield code="9">814</subfield>
  </datafield>
  <datafield tag="942" ind1=" " ind2=" ">
    <subfield code="2">ddc</subfield>
    <subfield code="c">UR</subfield>
    <subfield code="h">&#x646;</subfield>
    <subfield code="m">&#x634; &#x6A9; &#x644;</subfield>
  </datafield>
  <datafield tag="999" ind1=" " ind2=" ">
    <subfield code="c">106505</subfield>
    <subfield code="d">106505</subfield>
  </datafield>
  <datafield tag="952" ind1=" " ind2=" ">
    <subfield code="0">0</subfield>
    <subfield code="1">0</subfield>
    <subfield code="4">0</subfield>
    <subfield code="7">0</subfield>
    <subfield code="a">L</subfield>
    <subfield code="b">L</subfield>
    <subfield code="d">2015-12-23</subfield>
    <subfield code="e">Cen Lib/Ret</subfield>
    <subfield code="g">150.00</subfield>
    <subfield code="l">0</subfield>
    <subfield code="o">&#x646; &#x634; &#x6A9; &#x644;</subfield>
    <subfield code="p">B-123675</subfield>
    <subfield code="r">2015-12-23 00:00:00</subfield>
    <subfield code="t">1</subfield>
    <subfield code="v">150.00</subfield>
    <subfield code="w">2015-12-23</subfield>
    <subfield code="y">UR</subfield>
  </datafield>
</record>
